000 00810cam a2200277 i 4500
001 4597661
003 OSt
005 20160217153206.0
008 780109s1977 nyua 001 0 eng
010 _a 76015692
020 _a0486232018 :
_c$3.50 ($4.00 Canada)
040 _aDLC
_cDLC
_dDLC
043 _an-us---
050 0 0 _aSF487
_b.F56 1977
082 0 0 _a636.5/08
100 1 _aFlorea, J. H.
245 1 0 _aABC of poultry raising :
_ba complete guide for the beginner or expert /
_cby J. H. Florea.
250 _a2d rev. ed.
260 _aNew York :
_bDover Publications,
_c1977.
300 _avi, 142 p. :
_bill. ;
_c22 cm.
500 _aIncludes index.
650 0 _aChickens.
650 0 _aChickens
_zUnited States.
906 _a7
_bcbc
_corignew
_d2
_eocip
_f19
_gy-gencatlg
942 _2lcc
_cGEN
999 _c11066
_d11066